MDQL
is popping MORE tags! Check the
thread
!
Quizzes
Events
Quiz Creation
Community
Videos
Private Events
Remove Ads
Sign In
Join for FREE
Feedback
Dark Mode
Quiz Categories
Sports
Geography
Music
Movies
Television
Just For Fun
Miscellaneous
History
Literature
Language
Science
Gaming
Entertainment
Religion
Holiday
For Kids
Quiz Lab
Recent
Popular Today
Quiz Kudos Today
Editor Picks
Curator Picks
Quizzes by...
Day
Popularity
Type
Ratings
Length
Year
Community
Subscriptions
Recent Discussions
Orange Saloon
Badges
Playlists
Quests
Create
Leaderboards
Showdown
Live 5
Trivia Bingo
Activity
Puzzle Library
Sporcle Events
Private Events
Virtual Trivia
Globe League
Become a Host
Pub Owners
SporcleCon
Opinionation
Our Games
Videos
Blog
Mobile Apps
Partnerships
Remove Ads and Go Orange
Feedback
Sports
Athletes
MLB
NBA
NHL
NFL
Soccer
Sports Teams
WWE
NCAA
Football
Premier League
Basketball
Baseball
Hockey
Golf
Tennis
Cricket
Rugby
Auto Racing
Olympics
World Cup
Sports
Athletes
MLB
NBA
NHL
NFL
Soccer
Sports Teams
WWE
NCAA
Football
Premier League
Basketball
Baseball
Hockey
Golf
Tennis
Cricket
Rugby
Auto Racing
Olympics
World Cup
Random Quiz
Search Sporcle
×
Curator Pick
Curator Pick
Sports
Typing
Type in answers that appear in a list
Type in answers that appear in a list
Classic
Best Score? Go Orange.
Typing Challenge (Sports) Stats
Can you name the progressively longer words related to sports (ordered typing challenge)?
By
SporcleEXP
60s
50 Questions
1,017 Plays
1,017 Plays
1,017 Plays
Comments
Comments
Give Quiz Kudos
Give Quiz Kudos
-
- Ratings
hide this ad
No Skip
Answers have to be entered in order without skipping
Answers have to be entered in order without skipping
Replay
Link that replays current quiz
Next Quiz
Link to next quiz in quiz playlist
You Got
0%
They Got
Avg Score
79%
Avg Friend Score
Upgrade to see
Score Distribution
Jump to the score distribution portion of the page
Score
0/50
Timer
01:00
0
Plays Today
What to Type
Type Here
% Correct
?
???
100%
?
???
99.7%
?
???
99.6%
?
???
99.6%
?
???
99.5%
?
???
99.5%
?
???
99.4%
?
???
99.1%
?
???
99%
?
???
99%
?
???
98.8%
?
???
98.7%
?
???
98.3%
?
???
98.1%
?
???
98.1%
?
???
97.8%
?
???
97.5%
?
???
97.3%
?
???
97.1%
?
???
96.6%
?
???
96.3%
?
???
95.9%
?
???
95.5%
?
???
95.2%
?
???
94%
What to Type
Type Here
% Correct
?
???
93.2%
?
???
92.4%
?
???
91.8%
?
???
90.5%
?
???
89.4%
?
???
88.2%
?
???
86.6%
?
???
85%
?
???
83.7%
?
???
81.3%
?
???
78.6%
?
???
75.9%
?
???
69.6%
?
???
65.9%
?
???
62.2%
?
???
55.9%
?
???
51.7%
?
???
45.2%
?
???
33.4%
?
???
27.2%
?
???
21%
?
???
15.3%
?
???
12%
?
???
7.9%
?
???
4%
Quiz Playlist
Details
Report
Send in Message
Add To Playlist
Classic:
Type in answers that appear in a list
No Skip:
Answers have to be entered in order without skipping
Last Updated: Feb 16, 2017
Curator Pick in
Typing
Quiz Scoreboard
CHALLENGE
Sign Up to Join the Scoreboard
Show All
Scores
Hide
Comments
May contain spoilers
Recently Published
Find the 'City' Movie
by crazypaving
Movies
60s
5x2 Blitz: Bands
by SL_Kpop136
Music
30s
Colored Red Africa Blitz
by spor1
Geography
30s
More to Explore
Quiz From the Vault
Featured Blog Post
14 Easter Pick-up Lines to Find Eggs With
hide this ad
You Might Also Like...
Tags
Typing Quiz
challenge
Longer
Progressively
Speed
theme
Today's Top Quizzes in Sports
Browse Sports
hide this ad
Today's Top Quizzes in Typing
Browse Typing
Top Contributed Quizzes in Sports
1
Players with Multiple 50 Home Run Seasons
2
Les entraîneurs de l'OM et du PSG au 21e siècle
3
Criteria MLB: Left Handed Sluggers
4
2022 World Cup Stars
5
Les meilleurs buteurs des matchs entre le PSG et l’OM
6
Who Hit More Homers?
7
Les joueurs passés par le PSG et l'OM
8
NBA Logic Puzzle 2.0
9
Top 10 NHL Goal Scorers of All Time
10
MLB Players with Two .350 Batting Average Seasons
Explore More
Trending Topics
Crossword
Kpop
Harry Potter
NBA
Disney
Marvel
Anime
NFL
Country
Song
Soccer
Pokémon
Puzzle
WWE
The Office
hide this ad
More By:
SporcleEXP
Quiz
Plays
Rating
Category
Featured
Created
Harry Potter Deaths in Order Minefield
3,068,764
4.18
Literature
Jan 27, 2016
Sins, Dwarfs, and Spice Girls
847,321
4.42
Just For Fun
Apr 11, 2012
Ancient History Bunker
708,282
4.28
History
Jan 20, 2014
Movie Posters VI
679,084
4.37
Movies
Nov 12, 2010
Movie Posters VII
621,906
4.44
Movies
Apr 16, 2011
Go to Creator's Profile
Score Distribution
Quiz Creator Spotlight
SporcleEXP
Follow
Send a Message
Quizzes Created
-
Created Quiz Play Count
-
More By This Creator
Popular Quizzes Today
1
Colored Red Africa Blitz
2
Find the US States - No Outlines Minefield
3
Find the 'City' Movie
4
5x2 Blitz: Bands
5
The Countries of the World
6
Find the US States
7
US States
8
9x9 Crossword: Cartoon Network
More Sports Quizzes
Tournament of Teams: Premier League
Curator's Pick
Trending Quizzes
Colored Red Europe Blitz I
Colored Red Europe Blitz II
Colored Red Africa Blitz II
Colored Red Africa Blitz III
Colored Red Europe Blitz III
Recently Updated
Godzilla Movies
pecheneg
Grab Bag: 4-10 Letters
pecheneg
2024 March Madness Bracket
pecheneg
Famous TV Couples
Peacemaker
Champions League XIs: Real Madrid
pecheneg
Largest US Cities 1790-2010
pecheneg
Rides in Walt Disney World
pecheneg
Most Oscar Losses (Acting)
pecheneg
Beyoncé Albums
pecheneg
Leaping Animals
pecheneg
Trending Topics
Harry Potter
Kpop
Crossword
Disney
NBA
Anime
Marvel
WWE
Country
NFL
Song
Puzzle
Pokémon
Soccer
The Office
Your Account Isn't Verified!
In order to create a playlist on Sporcle, you need to verify the email address you used during registration. Go to your
Sporcle Settings
to finish the process.
Report this User
Report this user for behavior that violates our
Community Guidelines
.
Details:
Send Report
Go to the Sporcle.com Mobile Site →
Comments